00351nam a2200097Ia 4500008004100000245003500041260000900076856007600085999001900161952007300180160531s9999 xx 000 0 und d 4aThe Future of Home Health Care c2015 uhttp://www.ncbi.nlm.nih.gov/books/NBK315920/pdf/Bookshelf_NBK315920.pdf c295330d295330 001040aCLbCLd2016-05-31l0r2016-05-31 00:00:00w2016-05-31yCBE